=LDR 00000nam 2200000 4500 =001 INLIS000000000007564 =005 20260121102130 =035 ##$$a 0010-0126000133 =007 ta =008 260121################g##########0#ind## =020 ##$$a 978-979-3064-87-1 =082 ##$$a 306.872 3 =084 ##$$a 306.872 3 NUJ n =100 #$$a Nujood Ali (penulis) =245 1#$$a Nama saya nujood usia 10 dan janda : $b kisah mengejutkan tentang gadis cilik yang pemberani /$c Nujood Ali (penulis), Delphine Minoui (penulis), Lulu Fitri Rahman (penerjemah) =250 ##$$a Cetakan 1 =260 ##$$a Jakarta :$b Pustaka Alvabet,$c 2010 =300 ##$$a 236 hlm. : $b ilus. ; $c 20 cm =650 #4$$a Perkawinan--Yaman (Republik) =650 #4$$a Perempuan--Kondisi sosial--Yaman (Republik) =700 #$$a Delphine Minoui (penulis) =700 #$$a Lulu Fitri Rahman (penerjemah) =504 ##$$a Judul asli : I am Nujood, 10 and divorced © 2009 by Michel Lafon Publishing =990 ##$$a B-2010-00139